LIBRARY & INFORMATION CENTRE, KCAET, TAVANUR

ONLINE PUBLIC ACCESS CATALOGUE (OPAC)

Elements of Ordinary Differential Equations and Special Functions (Record no. 18148)

MARC details
000 -LEADER
fixed length control field 00504nam a22001817a 4500
003 - CONTROL NUMBER IDENTIFIER
control field OSt
008 - FIXED-LENGTH DATA ELEMENTS--GENERAL INFORMATION
fixed length control field 241202b |||||||| |||| 00| 0 eng d
020 ## - INTERNATIONAL STANDARD BOOK NUMBER
ISBN 81-224-0880-X
041 ## - LANGUAGE CODE
Language code of text/sound track or separate title eng
082 ## - DEWEY DECIMAL CLASSIFICATION NUMBER
Classification number 515.352 CHA/EL
100 ## - MAIN ENTRY--AUTHOR NAME
Personal name Chakrabarti, A
245 ## - TITLE STATEMENT
Title Elements of Ordinary Differential Equations and Special Functions
250 ## - EDITION STATEMENT
Edition statement Second
260 ## - PUBLICATION, DISTRIBUTION, ETC. (IMPRINT)
Place of publication New Delhi:
Name of publisher New Age International Ltd,
Year of publication 1990.
300 ## - PHYSICAL DESCRIPTION
Number of Pages 155p.
650 ## - SUBJECT ADDED ENTRY--TOPICAL TERM
Topical Term Ordinary Differential Equations
942 ## - ADDED ENTRY ELEMENTS (KOHA)
Koha item type Books
Holdings
Withdrawn status Lost status Damaged status Home library Current library Date acquired Cost, normal purchase price Full call number Accession Number Koha item type
      KAUAET KAUAET 02/12/2024 85.00 515.352 CHA/EL 19781 Books
free website counter